|
|
|
|
| LEADER |
00000naa2a2200000 4500 |
| 001 |
398448 |
| 005 |
20231101065047.0 |
| 035 |
|
|
|a (RuTPU)RU\TPU\prd\38610
|
| 090 |
|
|
|a 398448
|
| 100 |
|
|
|a 20051003a2005 k y0rusy50 ca
|
| 101 |
0 |
|
|a rus
|
| 102 |
|
|
|a RU
|
| 200 |
1 |
|
|a Метод описания конструкции изделия на модульном уровне
|f Б. М. Базров, Э. З. Насиров
|
| 225 |
1 |
|
|a Конструирование, расчеты
|
| 320 |
|
|
|a Библиогр.: 1 назв.
|
| 461 |
|
0 |
|0 (RuTPU)RU\TPU\prd\1723
|x 0203-347X
|t Справочник. Инженерный журнал
|o научно-технический и производственный журнал
|d 2000-
|
| 463 |
|
0 |
|0 (RuTPU)RU\TPU\prd\37962
|t № 7
|v С. 25-32
|d 2005
|
| 610 |
1 |
|
|a изделия
|
| 610 |
1 |
|
|a проектирование
|
| 610 |
1 |
|
|a конструкции
|
| 610 |
1 |
|
|a описание
|
| 610 |
1 |
|
|a модульный подход
|
| 610 |
1 |
|
|a иерархические модели
|
| 610 |
1 |
|
|a граф-модели
|
| 700 |
|
1 |
|a Базров
|b Б. М.
|
| 701 |
|
1 |
|a Насиров
|b Э. З.
|
| 801 |
|
1 |
|a RU
|b 63413507
|c 20051003
|g PSBO
|
| 801 |
|
2 |
|a RU
|b 63413507
|c 20140117
|g RCR
|
| 942 |
|
|
|c BK
|